Básne

Bibliographic Details
Main Author: Olyt, P., 1846-1911 (Author)
Format: Article
Language:Slovak
Subjects:

MARC

LEADER 00000nab a2200000 a 4500
001 vtls011510619
003 SK-MaSNL
005 20260303221109.0
008 230302|1884 xo |||||||||||||||||slo|
015 |a SNBRB 
035 |a (urnnbn)urn:nbn:sk:snk:ar-009837 
035 |a (uuid)6c9fdbe2-ecf9-4485-bd1d-c2beff07a290 
035 |a urn:nbn:sk:snk-abed3l 
040 |a SNKBUCL  |b slo  |c SNKBUCL  |e AACR2 
041 0 |a slo 
044 |a xo  |c SK 
080 |a 821.162.4-1  |2 2011 
100 1 |a Olyt, P.,  |d 1846-1911  |4 aut  |9 199098 
245 1 0 |a Básne  |c P. Olyt 
655 7 |a slovenská poézia  |2 SNKPH  |9 70444 
740 0 2 |a Spev 
740 0 2 |a U pevcovej mohyly 
773 0 |t Slovenské pohľady  |g Roč. 4, č. 5 (1884), s. 479-481 
958 |a OND 
958 |a EUIPO 
958 |a article21 
999 |c 2230549  |d 2232479